| 000 | 00896cam a2200289 a 4500 | ||
|---|---|---|---|
| 001 | 000015820 | ||
| 005 | 20200929164150.0 | ||
| 008 | 810513s1961 sp 000 0 spa | ||
| 035 | _a(OCoLC)7415633 | ||
| 040 |
_aDO-SdBNP _cMA _dMA _dDLC |
||
| 042 | _apremarc | ||
| 050 | 0 | 0 |
_aB4568.O73 _bT4 1934 |
| 082 |
_annn _bO77t, 1961 |
||
| 100 | 1 |
_aOrtega y Gasset, José, _d1883-1955. _95769 |
|
| 245 | 1 | 3 |
_aEl tema de nuestro tiempo : _bEl ocaso de las revoluciones, El sentido histórico de la teoría de Einstein / _cJosé Ortega y Gasset. |
| 250 | _a14a ed. | ||
| 260 |
_aMadrid : _bRevista de Occidente, _c1961. |
||
| 300 |
_a187 p. ; _c18 cm. |
||
| 490 | 1 | _aEl arquero | |
| 650 | 0 |
_aPhilosophy. _935614 |
|
| 650 | 0 |
_aRevolutions. _935615 |
|
| 650 | 0 |
_aRelativity (physics) _935616 |
|
| 830 | 0 |
_aEl arquero ; _935617 |
|
| 910 | _aCatalogación derivada | ||
| 082 | _a196 | ||
| 049 | _aBNGR | ||
| 999 |
_c15365 _d15365 |
||